Datum a čas kvízu
36
Celkem bodů
Celkový počet nahraných bodů na tomto kvízu bez doplňovacích otázek.
7.
Pořadí na kvízu
Konečné umístění týmu na tomto kvízu.
Zaznamenané odpovědi
| # | Otázka | Odpověď | Body | Výsledky |
|---|---|---|---|---|
| 1. | Ve čtvrtek 23. 4. si Česko při... | bez spěchu | 0 | |
| 2. | Dva zkušení borci, 66letý Joha... | traktory | 1 | |
| 3. | Plaketu věnovanou které filmov... | Otíkovi | 1 | |
| 4. | Španělští archeologové objevil... | B | 0 | |
| 5. | V neděli 26. dubna 2026 byl vý... | v Londýně | 1 | |
| 6. | Vědci v minulosti několikrát t... | D) kofein | 0 | |
| 7. | Světová zdravotnická organizac... | o Gruzii | 1 | |
| 8. | V červenci 2025 Senát schválil... | 3 (2 a 4 za půl bodu) | 0 | |
| 9. | Na které z fotografií se nachá... | A) | 1 | |
| 10. | Tinktura z opia se v minulosti... | laudanum | 1 |